| 000 | 00986nam a2200277 a 4500 | ||
|---|---|---|---|
| 001 | 72424 | ||
| 003 | BD-RjUL | ||
| 005 | 20211209082247.0 | ||
| 008 | 170517s1964 ilua b 000 0 eng d | ||
| 035 | _a(BD-RjUL)72642 | ||
| 040 |
_aDLC _cODaWU _dBD-RjUL _beng |
||
| 041 | _aeng | ||
| 051 |
_aTC423 _b.W43 |
||
| 082 |
_223 _a627.4 _bWHC 1964 |
||
| 100 | 1 |
_aWhite, Gilbert F. _9214198 |
|
| 245 | 1 | 0 |
_aChoice of adjustment to floods / _cby Gilbert F. White ; With an appendix by John Eric Edinger. |
| 260 |
_aChicago : _b[Dept. of Geography, University of Chicago] _c1964. |
||
| 300 |
_axii, 150 p. : _bill. ; _c23 cm. |
||
| 490 | 1 |
_aUniversity of Chicago. Dept. of Geography. Research paper , _vno. 93 |
|
| 504 | _aIncludes bibliographical footnotes. | ||
| 650 | 0 |
_aFlood damage prevention _9214199 |
|
| 700 |
_aEdinger, John Eric. _9214200 |
||
| 830 |
_aUniversity of Chicago. Dept. of Geography. Research paper , _vno. 93 _9214203 |
||
| 942 |
_2ddc _cBK |
||
| 999 |
_c72424 _d72424 |
||